All Cities in China with a Map - Statistics

General Stats
  • This quiz has been taken 48 times
    43 since last reset
  • The average score is 192 of 717
Answers on the Map
Answers color-coded by a green-red scale on the quiz's map according to % correct below.
 
Answer Stats
Province City % Correct
Municipality Shanghai
94%
Municipality Beijing
89%
Municipality Chongqing
83%
Fujian | Jiangxi Fuzhou
83%
Guangdong Guangzhou
83%
Heilongjiang Harbin
83%
Guangdong Shenzhen
83%
Taiwan Taipei
83%
Municipality Tianjin
83%
Xinjiang Urumqi
83%
Hubei Wuhan
83%
Fujian Xiamen
83%
Shaanxi Xi'an
83%
Hunan Changsha
78%
Sichuan Chengdu
78%
Yunnan Dali
78%
Zhejiang Hangzhou
78%
Anhui Hefei
78%
Yunnan Kunming
78%
Shandong Qingdao
78%
Zhejiang Wenzhou
78%
Liaoning Dalian
72%
Guangdong Foshan
72%
Zhejiang Ningbo
72%
Liaoning Shenyang
72%
Shanxi Taiyuan
72%
Sichuan Ya'an
72%
Guangdong Dongguan
67%
Guizhou Guiyang
67%
Anhui Huainan
67%
Shandong Jinan
67%
Jiangsu Nanjing
67%
Guangxi Nanning
67%
Guangdong Shantou
67%
Anhui | Jiangsu Suzhou
67%
Shandong Yantai
67%
Henan Zhengzhou
67%
Jilin Changchun
61%
Hainan Haikou
61%
Inner Mongolia Hohhot
61%
Jilin Jilin
61%
Gansu Lanzhou
61%
Tibet Lhasa
61%
Jiangxi Nanchang
61%
Heilongjiang Qiqihar
61%
Hebei Shijiazhuang
61%
Hebei Tangshan
61%
Jiangsu Wuxi
61%
Jiangsu Changzhou
56%
Jilin Da'an
56%
Heilongjiang Daqing
56%
Shanxi Datong
56%
Shandong Dezhou
56%
Hebei Handan
56%
Jiangsu Huai'an
56%
Guangdong Huizhou
56%
Zhejiang Huzhou
56%
Jiangxi | Jilin Ji'an
56%
Hebei | Liaoning Jinzhou
56%
Taiwan Kaohsiung
56%
Xinjiang Kashgar
56%
Shandong Linyi
56%
Henan Luoyang
56%
Sichuan Luzhou
56%
Hebei Qinhuangdao
56%
Taiwan Taichung
56%
Jiangsu | Zhejiang Taizhou
56%
Shandong Weihai
56%
Anhui Wuhu
56%
Qinghai Xining
56%
Jiangsu Xuzhou
56%
Jiangsu Yangzhou
56%
Ningxia Yinchuan
56%
Hebei Zhangjiakou
56%
Guizhou Zunyi
56%
Liaoning Anshan
50%
Henan Anyang
50%
Hebei Baoding
50%
Inner Mongolia Baotou
50%
Anhui Fuyang
50%
Jiangxi Ganzhou
50%
Anhui Huaibei
50%
Zhejiang Jiaxing
50%
Zhejiang Jinhua
50%
Shandong Jining
50%
Henan Kaifeng
50%
Jiangsu Nantong
50%
Henan Nanyang
50%
Henan Puyang
50%
Shandong Qingzhou
50%
Fujian Quanzhou
50%
Taiwan Tainan
50%
Shandong Weifang
50%
Hubei Xiangyang
50%
Hebei Xingtai
50%
Jiangsu Yancheng
50%
Hunan Yueyang
50%
Guangdong Zhanjiang
50%
Jiangsu Zhenjiang
50%
Guangdong Zhuhai
50%
Shandong Zibo
50%
Xinjiang Aksu
44%
Xinjiang Altay
44%
Anhui Anqing
44%
Hebei Cangzhou
44%
Guangdong Chaozhou
44%
Hebei Chengde
44%
Hunan Chenzhou
44%
Inner Mongolia Chifeng
44%
Liaoning Dandong
44%
Hainan Danzhou
44%
Liaoning Fushun
44%
Guangxi Guilin
44%
Xinjiang Hami
44%
Heilongjiang Heihe
44%
Hunan Hengyang
44%
Liaoning Huludao
44%
Guangdong Jiangmen
44%
Guizhou Liupanshui
44%
Guangxi Liuzhou
44%
Guangdong Maoming
44%
Sichuan Meishan
44%
Guangdong Meizhou
44%
Sichuan Mianyang
44%
Sichuan Nanchong
44%
Taiwan New Taipei
44%
Liaoning Panjin
44%
Fujian Putian
44%
Yunnan Qujing
44%
Zhejiang Quzhou
44%
Shandong Rizhao
44%
Hainan Sanya
44%
Jiangxi Shangrao
44%
Zhejiang Shaoxing
44%
Hubei Shiyan
44%
Shandong Tai'an
44%
Guangxi Wuzhou
44%
Shaanxi Xianyang
44%
Henan Xinxiang
44%
Henan Xinyang
44%
Henan Xuchang
44%
Hubei Yichang
44%
Zhejiang Yiwu
44%
Guangxi | Shaanxi Yulin
44%
Shandong Zaozhuang
44%
Fujian Zhangzhou
44%
Guangdong Zhongshan
44%
Hunan Zhuzhou
44%
Shaanxi Ankang
39%
Guizhou Anshun
39%
Shaanxi Baoji
39%
Anhui Bengbu
39%
Anhui Bozhou
39%
Xinjiang Changji
39%
Jiangsu Changshu
39%
Shanxi Changzhi
39%
Anhui Chizhou
39%
Anhui Chuzhou
39%
Sichuan Dazhou
39%
Hubei Ezhou
39%
Liaoning Fuxin
39%
Sichuan Guang'an
39%
Sichuan Guanghan
39%
Guangxi Guigang
39%
Shandong Heze
39%
Xinjiang Hotan
39%
Anhui Huangshan
39%
Heilongjiang Jiamusi
39%
Jiangsu Jiangyin
39%
Henan Jiaozuo
39%
Guangdong Jieyang
39%
Hubei Jingmen
39%
Hubei Jingzhou
39%
Jiangxi Jiujiang
39%
Xinjiang Karamay
39%
Hebei Langfang
39%
Jiangsu Lianyungang
39%
Shandong Liaocheng
39%
Fujian Longyan
39%
Anhui Lu'an
39%
Anhui Ma'anshan
39%
Henan Pingdingshan
39%
Guangxi Qinzhou
39%
Henan Shangqiu
39%
Guangdong Shanwei
39%
Hunan Shaoyang
39%
Tibet Shigatse
39%
Hubei Suizhou
39%
Shandong Tengzhou
39%
Shaanxi Weinan
39%
Hunan Xiangtan
39%
Guangdong Yangjiang
39%
Jilin Yanji
39%
Sichuan Yibin
39%
Heilongjiang | Jiangxi Yichun
39%
Liaoning Yingkou
39%
Yunnan Yuxi
39%
Hunan Zhangjiajie
39%
Guangdong Zhaoqing
39%
Henan Zhoukou
39%
Henan Zhumadian
39%
Jilin Baicheng
33%
Yunnan Baoshan
33%
Inner Mongolia Bayannur
33%
Sichuan Bazhong
33%
Guangxi Beihai
33%
Liaoning Benxi
33%
Shaanxi | Shandong Binzhou
33%
Liaoning Chaoyang
33%
Sichuan Deyang
33%
Shandong Dongying
33%
Jilin Dunhua
33%
Hubei Enshi
33%
Guangxi Fangchenggang
33%
Sichuan Guangyuan
33%
Shaanxi Hanzhong
33%
Henan Hebi
33%
Hebei Hengshui
33%
Guangxi Hezhou
33%
Taiwan Hsinchu
33%
Hunan Huaihua
33%
Hubei Huanggang
33%
Hubei Huangshi
33%
Inner Mongolia Hulunbuir
33%
Gansu Jiayuguan
33%
Shanxi Jincheng
33%
Jiangxi Jingdezhen
33%
Shanxi Jinzhong
33%
Gansu Jiuquan
33%
Taiwan Keelung
33%
Sichuan Leshan
33%
Liaoning Liaoyang
33%
Shanxi Linfen
33%
Zhejiang Lishui
33%
Gansu | Jiangxi Longnan
33%
Hunan Loudi
33%
Heilongjiang Mudanjiang
33%
Sichuan Neijiang
33%
Fujian Ningde
33%
Inner Mongolia Ordos
33%
Sichuan Panzhihua
33%
Guangxi | Jiangxi Pingxiang
33%
Yunnan Pu'er
33%
Guangdong Qingyuan
33%
Heilongjiang Qitaihe
33%
Shandong Qufu
33%
Henan Sanmenxia
33%
Fujian Sanming
33%
Shanxi Shuozhou
33%
Jilin Songyuan
33%
Sichuan Suining
33%
Jiangsu Suqian
33%
Taiwan Taoyuan
33%
Gansu Tianshui
33%
Heilongjiang Tieli
33%
Liaoning Tieling
33%
Inner Mongolia Tongliao
33%
Guizhou | Qinghai Tongren
33%
Xinjiang Turpan
33%
Inner Mongolia Wuhai
33%
Anhui | Gansu Wuwei
33%
Hubei Xiaogan
33%
Shanxi Xinzhou
33%
Shaanxi Yan'an
33%
Guangdong Yunfu
33%
Jiangsu Zhangjiagang
33%
Gansu Zhangye
33%
Ningxia Zhongwei
33%
Zhejiang Zhoushan
33%
Guangxi Baise
28%
Jilin Baishan
28%
Guizhou Bijie
28%
Hunan Changde
28%
Guangxi Chongzuo
28%
Zhejiang Cixi
28%
Jiangsu Danyang
28%
Gansu Dunhuang
28%
Guangxi Hechi
28%
Guangdong Heyuan
28%
Taiwan Hualien
28%
Fujian Jinjiang
28%
Heilongjiang Jixi
28%
Jiangsu Kunshan
28%
Yunnan Lijiang
28%
Shanxi Lüliang
28%
Henan Luohe
28%
Yunnan Mangshi
28%
Heilongjiang Mohe
28%
Tibet Nagqu
28%
Fujian Nanping
28%
Hunan Ningxiang
28%
Tibet Nyingchi
28%
Gansu Pingliang
28%
Jiangsu Pizhou
28%
Hainan Qionghai
28%
Jiangsu Rugao
28%
Shaanxi Shangluo
28%
Tibet Shannan
28%
Guangdong Shaoguan
28%
Xinjiang Shihezi
28%
Heilongjiang Shuangyashan
28%
Jilin Siping
28%
Jiangsu Taicang
28%
Guangdong Taishan
28%
Taiwan Taitung
28%
Jilin Tonghua
28%
Inner Mongolia Ulanqab
28%
Hainan Wenchang
28%
Yunnan Wenshan
28%
Ningxia Wuzhong
28%
Sichuan Xichang
28%
Anhui Xuancheng
28%
Shanxi Yangquan
28%
Jiangsu Yixing
28%
Hunan Yongzhou
28%
Shanxi Yuncheng
28%
Yunnan Zhaotong
28%
Sichuan Zigong
28%
Sichuan Ziyang
28%
Hebei Bazhou
22%
Tibet Chamdo
22%
Anhui Chaohu
22%
Taiwan Chiayi
22%
Yunnan Chuxiong
22%
Henan Dengzhou
22%
Hebei Dingzhou
22%
Jiangxi | Liaoning Fengcheng
22%
Jilin Fuyu
22%
Heilongjiang Fuyuan
22%
Qinghai Golmud
22%
Liaoning Haicheng
22%
Shaanxi Hancheng
22%
Gansu Jinchang
22%
Jiangsu Jurong
22%
Guizhou Kaili
22%
Xinjiang Korla
22%
Xinjiang Kuqa
22%
Guangxi Laibin
22%
Jilin Liaoyuan
22%
Yunnan Lincang
22%
Gansu Linxia
22%
Shandong Longkou
22%
Inner Mongolia Manzhouli
22%
Guangdong Puning
22%
Hubei Qianjiang
22%
Jiangsu Qidong
22%
Gansu Qingyang
22%
Zhejiang Rui'an
22%
Hebei Sanhe
22%
Hainan Sansha
22%
Hebei Shenzhou
22%
Ningxia Shizuishan
22%
Heilongjiang Suifenhe
22%
Heilongjiang Suihua
22%
Hubei Tianmen
22%
Shaanxi Tongchuan
22%
Anhui Tongling
22%
Hubei Xianning
22%
Hubei Xiantao
22%
Inner Mongolia Xilinhot
22%
Jiangsu Xinghua
22%
Hubei Yicheng
22%
Hunan Yiyang
22%
Zhejiang Yongkang
22%
Gansu Yumen
22%
Jilin | Qinghai Yushu
22%
Zhejiang Yuyao
22%
Zhejiang Zhuji
22%
Xinjiang Aral
17%
Gansu Baiyin
17%
Xinjiang Bole
17%
Taiwan Changhua
17%
Hubei Chibi
17%
Qinghai Delingha
17%
Gansu Dingxi
17%
Hainan Dongfang
17%
Liaoning Donggang
17%
Guangdong Enping
17%
Inner Mongolia Erenhot
17%
Fujian Fuqing
17%
Liaoning Gaizhou
17%
Hebei Gaobeidian
17%
Anhui Guangde
17%
Ningxia Guyuan
17%
Jiangsu Hai'an
17%
Qinghai Haidong
17%
Zhejiang Haining
17%
Heilongjiang Hegang
17%
Inner Mongolia Holingol
17%
Shanxi Houma
17%
Hebei Huanghua
17%
Shaanxi Huayin
17%
Yunnan Jinghong
17%
Henan Jiyuan
17%
Liaoning | Yunnan Kaiyuan
17%
Sichuan Kangding
17%
Xinjiang Kuytun
17%
Shandong Laixi
17%
Shandong Laiyang
17%
Guangdong Leizhou
17%
Hubei Lichuan
17%
Liaoning Lingyuan
17%
Hunan Liuyang
17%
Jiangsu Liyang
17%
Guangdong | Yunnan Lufeng
17%
Henan Mengzhou
17%
Yunnan Mengzi
17%
Hunan Miluo
17%
Guizhou Qianxi
17%
Shandong Rongcheng
17%
Yunnan Ruili
17%
Henan Ruzhou
17%
Yunnan Shangri-La
17%
Hunan Shaodong
17%
Hunan Shaoshan
17%
Fujian Shishi
17%
Hubei Shishou
17%
Shandong Shouguang
17%
Xinjiang Tacheng
17%
Yunnan Tengchong
17%
Anhui Tongcheng
17%
Zhejiang Tongxiang
17%
Taiwan Toufen
17%
Jilin Tumen
17%
Xinjiang Tumxuk
17%
Inner Mongolia Ulanhot
17%
Liaoning Wafangdian
17%
Hebei Wu'an
17%
Heilongjiang Wuchang
17%
Heilongjiang Wudalianchi
17%
Henan | Hunan Wugang
17%
Fujian Wuyishan
17%
Guizhou Xingyi
17%
Hebei Xinji
17%
Guangdong | Jiangsu Xinyi
17%
Jiangxi Xinyu
17%
Henan Xinzheng
17%
Inner Mongolia Yakeshi
17%
Jiangxi Yingtan
17%
Xinjiang Yining
17%
Henan Yuzhou
17%
Inner Mongolia Zalantun
17%
Shandong Zouping
17%
Hebei Anguo
11%
Hubei Anlu
11%
Yunnan Anning
11%
Shandong Anqiu
11%
Inner Mongolia Arxan
11%
Sichuan Barkam
11%
Guangxi Beiliu
11%
Guangxi Cenxi
11%
Henan Changge
11%
Shandong Changyi
11%
Henan Changyuan
11%
Yunnan Chengjiang
11%
Guizhou Chishui
11%
Liaoning Dashiqiao
11%
Hubei Daye
11%
Heilongjiang Dongning
11%
Jiangsu Dongtai
11%
Guangxi Dongxing
11%
Zhejiang Dongyang
11%
Sichuan Emeishan
11%
Inner Mongolia Ergun
11%
Shandong Feicheng
11%
Fujian Fu'an
11%
Fujian Fuding
11%
Heilongjiang Fujin
11%
Shandong Gaomi
11%
Guangdong Gaozhou
11%
Yunnan Gejiu
11%
Inner Mongolia Genhe
11%
Henan Gongyi
11%
Jilin Gongzhuling
11%
Hubei Guangshui
11%
Guangxi Guiping
11%
Hubei Hanchuan
11%
Hebei Hejian
11%
Guangxi Hengzhou
11%
Guangdong | Guangxi Heshan
11%
Gansu Hezuo
11%
Hubei Honghu
11%
Hunan Hongjiang
11%
Sichuan Huaying
11%
Guangdong Huazhou
11%
Heilongjiang Hulin
11%
Jilin Hunchun
11%
Shanxi Huozhou
11%
Xinjiang Huyanghe
11%
Sichuan Jianyang
11%
Shandong Jiaozhou
11%
Jiangxi Jinggangshan
11%
Hunan Jishou
11%
Guangdong Kaiping
11%
Shandong Laizhou
11%
Sichuan Langzhong
11%
Hubei Laohekou
11%
Shandong Laoling
11%
Hunan Leiyang
11%
Zhejiang Linhai
11%
Jilin Linjiang
11%
Hunan Linxiang
11%
Henan Linzhou
11%
Sichuan Longchang
11%
Jilin Longjing
11%
Hebei Luanzhou
11%
Hubei Macheng
11%
Taiwan Magong
11%
Jilin Meihekou
11%
Taiwan Miaoli
11%
Yunnan Mile
11%
Heilongjiang Mishan
11%
Fujian Nan'an
11%
Heilongjiang Nehe
11%
Heilongjiang Ning'an
11%
Anhui Ningguo
11%
Guizhou Panzhou
11%
Taiwan Pingtung
11%
Anhui Qianshan
11%
Guizhou Renhuai
11%
Hebei Renqiu
11%
Jiangxi Ruijin
11%
Hebei Shahe
11%
Zhejiang Shengzhou
11%
Shaanxi Shenmu
11%
Guangdong Sihui
11%
Hubei Songzi
11%
Anhui Tianchang
11%
Heilongjiang Tongjiang
11%
Hainan Wanning
11%
Henan Weihui
11%
Zhejiang Wenling
11%
Hubei Wuxue
11%
Hainan Wuzhishan
11%
Shanxi Xiaoyi
11%
Guizhou Xingren
11%
Shandong Xintai
11%
Yunnan Xuanwei
11%
Guangdong Yangchun
11%
Hubei Yidu
11%
Taiwan Yilan
11%
Guangdong Yingde
11%
Jiangsu Yizheng
11%
Henan Yongcheng
11%
Shanxi Yongji
11%
Hunan Yuanjiang
11%
Zhejiang Yueqing
11%
Hubei Zhijiang
11%
Liaoning Zhuanghe
11%
Taiwan Zhubei
11%
Shandong Zhucheng
11%
Hebei Zhuozhou
11%
Hunan Zixing
11%
Hebei Zunhua
11%
Xinjiang Alashankou
6%
Heilongjiang Anda
6%
Xinjiang Artux
6%
Xinjiang Baiyang
6%
Heilongjiang Bei'an
6%
Liaoning Beipiao
6%
Xinjiang Beitun
6%
Liaoning Beizhen
6%
Hebei Botou
6%
Hunan Changning
6%
Sichuan Chongzhou
6%
Hubei Dangyang
6%
Hubei Danjiangkou
6%
Jilin Dehui
6%
Henan Dengfeng
6%
Liaoning Dengta
6%
Jiangxi Dexing
6%
Liaoning Diaobingshan
6%
Taiwan Douliu
6%
Sichuan Dujiangyan
6%
Guizhou Duyun
6%
Inner Mongolia Fengzhen
6%
Shanxi Fenyang
6%
Xinjiang Fukang
6%
Guizhou Fuquan
6%
Jiangxi Gao'an
6%
Shanxi Gaoping
6%
Jiangsu Gaoyou
6%
Jiangxi Gongqingcheng
6%
Jiangxi Guixi
6%
Shanxi Gujiao
6%
Heilongjiang Hailin
6%
Heilongjiang Hailun
6%
Shandong Haiyang
6%
Shanxi Hejin
6%
Jilin Helong
6%
Jilin Huadian
6%
Shanxi Huairen
6%
Gansu Huating
6%
Sichuan Huili
6%
Henan Huixian
6%
Zhejiang Jiande
6%
Zhejiang Jiangshan
6%
Sichuan Jiangyou
6%
Hubei Jianli
6%
Fujian Jian'ou
6%
Jilin Jiaohe
6%
Anhui Jieshou
6%
Shanxi Jiexiu
6%
Jiangsu Jingjiang
6%
Hubei Jingshan
6%
Guangxi Jingxi
6%
Hunan Jinshi
6%
Xinjiang Khorgos
6%
Xinjiang Kokdara
6%
Xinjiang Kunyu
6%
Zhejiang Lanxi
6%
Guangdong Lechang
6%
Hunan Lengshuijiang
6%
Jiangxi Leping
6%
Guangdong Lianjiang
6%
Hunan Lianyuan
6%
Guangdong Lianzhou
6%
Hunan Liling
6%
Henan Lingbao
6%
Liaoning Linghai
6%
Ningxia Lingwu
6%
Shandong Linqing
6%
Guangxi Lipu
6%
Zhejiang Longgang
6%
Zhejiang Longquan
6%
Guangdong Luoding
6%
Jiangxi Lushan
6%
Yunnan Lushui
6%
Tibet Mainling
6%
Qinghai Mangnai
6%
Sichuan Mianzhu
6%
Anhui Mingguang
6%
Heilongjiang Muling
6%
Hebei Nangong
6%
Taiwan Nantou
6%
Guangdong Nanxiong
6%
Heilongjiang Nenjiang
6%
Jilin Panshi
6%
Sichuan Pengzhou
6%
Shandong Pingdu
6%
Guangxi Pingguo
6%
Zhejiang Pinghu
6%
Hebei Pingquan
6%
Taiwan Puzi
6%
Hebei Qian'an
6%
Ningxia Qingtongxia
6%
Guizhou Qingzhen
6%
Henan Qinyang
6%
Sichuan Qionglai
6%
Shandong Qixia
6%
Hunan Qiyang
6%
Jiangxi Ruichang
6%
Shandong Rushan
6%
Heilongjiang Shangzhi
6%
Fujian Shaowu
6%
Xinjiang Shawan
6%
Sichuan Shehong
6%
Sichuan Shifang
6%
Xinjiang Shuanghe
6%
Jilin Shuangliao
6%
Yunnan Shuifu
6%
Jilin Shulan
6%
Taiwan Taibao
6%
Jiangsu Taixing
6%
Jilin Taonan
6%
Xinjiang Tiemenguan
6%
Tibet Tsona
6%
Sichuan Wanyuan
6%
Guangdong Wuchuan
6%
Xinjiang Wujiaqu
6%
Xinjiang Wusu
6%
Henan Xiangcheng
6%
Hunan Xiangxiang
6%
Liaoning Xingcheng
6%
Guangdong Xingning
6%
Shaanxi Xingping
6%
Henan Xingyang
6%
Hebei Xinle
6%
Henan Xinmi
6%
Liaoning Xinmin
6%
Xinjiang Xinxing
6%
Shaanxi Xunyang
6%
Jiangsu Yangzhong
6%
Henan Yima
6%
Hubei Yingcheng
6%
Fujian Yong'an
6%
Taiwan Yuanlin
6%
Shanxi Yuanping
6%
Shandong Yucheng
6%
Zhejiang Yuhuan
6%
Hubei Zaoyang
6%
Fujian Zhangping
6%
Jiangxi Zhangshu
6%
Heilongjiang Zhaodong
6%
Shandong Zhaoyuan
6%
Hubei Zhongxiang
6%
Shaanxi Zichang
6%
Shandong Zoucheng
6%
No matching quizzes found
Score Distribution
Percent of People with Each Score
Percentile by Number Answered
Your Score History
You have not taken this quiz since the last reset